00481nam a22001337a 4500003000400000005001700004008004100021040001100062100004300073245014300116260002800259300000700287856005300294OSt20250610163829.0250610b |||||||| |||| 00| 0 eng d csvyasa aSreeja shikariaSoubhagyalaxmi mohanty aComparing the effect of yoga and physical exercise on executive functions in primary school children: A randomized controlled trial.heng. aBengalurubSVYASAc2018 a00 uhttps://elibraryofyoga.com/handle/123456789/1919